| 000 | 00450nam a2200169Ia 4500 | ||
|---|---|---|---|
| 005 | 20250423095812.0 | ||
| 008 | 250422s9999 xx 000 0 und d | ||
| 020 | _a9781111834197 | ||
| 050 | _aJF 51 .I57/ | ||
| 245 | 0 | _aIntroduction to comparative politics: political challenges and changing agendas | |
| 260 | _aAustralia | ||
| 260 | _bWadsworth/Cengage Learning | ||
| 260 | _c2013 | ||
| 300 | _a716 p | ||
| 650 | _aPolitics | ||
| 942 | _cBK | ||
| 999 |
_c31378 _d31378 |
||